<?xml version="1.0" encoding="UTF-8"?>
<record
    xmlns:xsi="http://www.w3.org/2001/XMLSchema-instance"
    xsi:schemaLocation="http://www.loc.gov/MARC21/slim http://www.loc.gov/standards/marcxml/schema/MARC21slim.xsd"
    xmlns="http://www.loc.gov/MARC21/slim">

  <leader>04569nam a22004217a 4500</leader>
  <controlfield tag="001">BRCA_9316</controlfield>
  <controlfield tag="002">LM-8 (19-48)</controlfield>
  <controlfield tag="003">FranzMayer</controlfield>
  <controlfield tag="005">20260505135211.0</controlfield>
  <controlfield tag="006">a||||gr|||| 00| 0 </controlfield>
  <controlfield tag="007">ta</controlfield>
  <controlfield tag="008">260324s1798    sp a|||grf||| 00| 0 spa d</controlfield>
  <datafield tag="040" ind1=" " ind2=" ">
    <subfield code="a">BMFM</subfield>
    <subfield code="b">spa</subfield>
  </datafield>
  <datafield tag="041" ind1=" " ind2=" ">
    <subfield code="a">spa</subfield>
  </datafield>
  <datafield tag="050" ind1=" " ind2="4">
    <subfield code="a">TS545</subfield>
    <subfield code="b">.R56 1798</subfield>
  </datafield>
  <datafield tag="100" ind1="1" ind2=" ">
    <subfield code="a">Rio, Manuel del </subfield>
    <subfield code="d">(ca. 1690-1766)</subfield>
    <subfield code="9">30112</subfield>
  </datafield>
  <datafield tag="245" ind1="1" ind2="0">
    <subfield code="a">Arte de reloxes de ruedas, para torre, sala, y faltriquera. Tomo segundo /</subfield>
    <subfield code="c">Manuel del Rio</subfield>
  </datafield>
  <datafield tag="246" ind1="1" ind2="0">
    <subfield code="a">Arte de relojes de ruedas, para torre, sala y faltriquera</subfield>
  </datafield>
  <datafield tag="260" ind1=" " ind2=" ">
    <subfield code="a">Madrid, Espa&#xF1;a :</subfield>
    <subfield code="b">Oficina de Don Antonio Cruzado ,</subfield>
    <subfield code="c">1798</subfield>
  </datafield>
  <datafield tag="300" ind1=" " ind2=" ">
    <subfield code="a">197, XLI [41] p&#xE1;ginas :</subfield>
    <subfield code="b">calcograf&#xED;as ; </subfield>
    <subfield code="c">21 x 14.5 x 3.5 cm </subfield>
  </datafield>
  <datafield tag="520" ind1="3" ind2=" ">
    <subfield code="a">Obra publicada por primera vez en 1759 en Espa&#xF1;a. La presente constituye una edici&#xF3;n posterior y se trata del segundo de dos vol&#xFA;menes dedicados al arte de la relojer&#xED;a. En su interior se explica a detalle el arte de la faltriquera, desde su construcci&#xF3;n y mantenimiento hasta un pr&#xE1;ctico apartado de preguntas y respuestas sobre problemas comunes en los relojes.</subfield>
    <subfield code="b">Lo m&#xE1;s destacado de este tratado es que Manuel del R&#xED;o fue el primero en ofrecer instrucciones sobre la construcci&#xF3;n de relojes aut&#xF3;matas para iglesias.Incluye adem&#xE1;s varios grabados elaborados por Cipriano Mar&#xE9; con im&#xE1;genes de relojes,  instrumentos, engranajes y otros elementos gr&#xE1;ficos.</subfield>
  </datafield>
  <datafield tag="563" ind1=" " ind2=" ">
    <subfield code="a">Otras referencias f&#xED;sicas: Encuadernaci&#xF3;n entera en piel decorada. El papel del cuerpo del libro est&#xE1; formado por pulpa de trapo, hecho a mano, con marcas de verjurado y marcas de agua. Tiene 3 l&#xE1;minas desplegables al final. El cuerpo del libro est&#xE1; formado por cuadernillos unidos mediante costura alternada sobre dos soportes de costura sencillos y elevados, de cordel; las prolongaciones se usaron para unir el cuerpo a la cartera. Costura reforzada con hilo rojo de manera posterior. Hojas de guarda azules. Debajo de las contraguardas se aprecian otras contraguardas decoradas, que podr&#xED;an ser la originales. Lomera ligeramente redonda; no se aprecian endoses. Cantos del cuerpo refinados y pulidos. Soportes de las tapas de cart&#xF3;n. Decoraci&#xF3;n con dorado en el lomo. Las casillas no corresponden al n&#xFA;mero de soportes de costura, y est&#xE1;n marcadas a trav&#xE9;s de la decoraci&#xF3;n. Tiene 5 casillas, un tejuelo negro en la cuarta casilla con el n&#xFA;mero 2 grabado en dorado. Texto impreso</subfield>
  </datafield>
  <datafield tag="591" ind1=" " ind2=" ">
    <subfield code="a">Estado de Conservaci&#xF3;n: Bueno</subfield>
  </datafield>
  <datafield tag="591" ind1=" " ind2=" ">
    <subfield code="b">Descripci&#xF3;n de conservaci&#xF3;n: Libro con intervenciones. Hojas de guarda repuestas y costura reforzada. Suciedad general, manchas de suciedad y manchas rojas por trasminado del hilo rojo, deyecciones de mosca, dobleces y roturas en hojas, hilo de costura debilitado, foxing, amarillamiento, cantos de las tapas abrasionados, puntas de pie ligeramente dobladas, puntas de cabeza dobladas, punta posterior de cabeza desnuda, zonas con p&#xE9;rdida de la &#xFA;ltima capa de piel, mancha y ligera deformaci&#xF3;n en la tapa posterior</subfield>
  </datafield>
  <datafield tag="592" ind1=" " ind2=" ">
    <subfield code="a">Marcas Adicionales: Resto del t&#xED;tulo: &lt;&lt;Dividia en dos tomos, &#xE9; iluminada con trece estampas finas, en que est&#xE1;n retratadas varias invenciones, y los instrumentos de la reloxer&#xED;a, con instrucciones f&#xE1;ciles, para que todos los ingeniosos puedan ser pefectos reloxeros sin tener maestro.   Lleva tambien las repeticiones: los diferentes calculos de todas las clases de reloxes, desde viente y quatro horas de cuerda, hasta cuerda de a&#xF1;o: las diversas enfermedades, que padecen los reloxes viejos, con eficaces medicinas para curarlos: Direcciones para regirlos: Y muchos casos en que los due&#xF1;os podr&#xE1;n componerlos por s&#xED; mismos, sin necesitar Reloxeros&gt;&gt;. Incluye fe de erratas. Incluye tabla alfab&#xE9;tica. &lt;&lt;Diccionario&gt;&gt; secci&#xF3;n de los nombres propios de la relojer&#xED;a. Incluye tabla de cap&#xED;tulos de la obra. Presenta 3 calcograf&#xED;as</subfield>
  </datafield>
  <datafield tag="593" ind1=" " ind2=" ">
    <subfield code="a">Tratados, compendios y manuales</subfield>
  </datafield>
  <datafield tag="648" ind1=" " ind2="0">
    <subfield code="a">Viceroyalty period </subfield>
    <subfield code="y">Viceroyalty (1535-1821</subfield>
    <subfield code="9">30116</subfield>
  </datafield>
  <datafield tag="650" ind1="1" ind2="0">
    <subfield code="a">Watchmaking and clockmaking</subfield>
    <subfield code="y">Early works to 1800</subfield>
    <subfield code="9">30113</subfield>
  </datafield>
  <datafield tag="650" ind1="1" ind2="0">
    <subfield code="a">Clocks and pocket watches</subfield>
    <subfield code="x">Design and construction</subfield>
    <subfield code="9">30114</subfield>
  </datafield>
  <datafield tag="651" ind1=" " ind2="0">
    <subfield code="a">Spain</subfield>
    <subfield code="9">30115</subfield>
  </datafield>
  <datafield tag="700" ind1="1" ind2=" ">
    <subfield code="a">Mar&#xE9;, Cipriano , </subfield>
    <subfield code="d">(1775-1814)</subfield>
    <subfield code="e">grabador</subfield>
    <subfield code="9">30094</subfield>
  </datafield>
  <datafield tag="700" ind1="1" ind2=" ">
    <subfield code="a">Cruzado, Antonio </subfield>
    <subfield code="d">(fl. 1794-1800)</subfield>
    <subfield code="e">impresor</subfield>
    <subfield code="9">30095</subfield>
  </datafield>
  <datafield tag="700" ind1="1" ind2=" ">
    <subfield code="a">Dur&#xE1;n, Ram&#xF3;n</subfield>
    <subfield code="d">(fl. 1798)</subfield>
    <subfield code="e">editor</subfield>
    <subfield code="9">30096</subfield>
  </datafield>
  <datafield tag="856" ind1="4" ind2="1">
    <subfield code="q">TIF//PDF</subfield>
    <subfield code="u">https://bibliotecadigital.franzmayer.org.mx/items/eb2b929e-ec07-4a34-bc07-ec477ec63afb</subfield>
    <subfield code="y">Biblioteca Digital Franz Mayer</subfield>
  </datafield>
  <datafield tag="902" ind1=" " ind2=" ">
    <subfield code="a">KH</subfield>
    <subfield code="a">TV</subfield>
    <subfield code="a">MF</subfield>
  </datafield>
  <datafield tag="942" ind1=" " ind2=" ">
    <subfield code="2">lcc</subfield>
    <subfield code="c">B</subfield>
  </datafield>
  <datafield tag="960" ind1=" " ind2=" ">
    <subfield code="a">CS-L3-N2</subfield>
  </datafield>
  <datafield tag="999" ind1=" " ind2=" ">
    <subfield code="c">11105</subfield>
    <subfield code="d">11105</subfield>
  </datafield>
  <datafield tag="952" ind1=" " ind2=" ">
    <subfield code="a">BRCA</subfield>
    <subfield code="b">BRCA</subfield>
    <subfield code="d">2026-03-24</subfield>
    <subfield code="f">CS-L3-N2</subfield>
    <subfield code="i">LM-8 (19-48)</subfield>
    <subfield code="l">0</subfield>
    <subfield code="o">TS545 .R56 1798</subfield>
    <subfield code="p">LAR00139</subfield>
    <subfield code="r">2026-03-24 14:03:23</subfield>
    <subfield code="w">2026-03-24</subfield>
    <subfield code="y">B</subfield>
    <subfield code="0">0</subfield>
    <subfield code="1">0</subfield>
    <subfield code="2">lcc</subfield>
    <subfield code="5">2</subfield>
    <subfield code="7">0</subfield>
    <subfield code="8">LAR</subfield>
  </datafield>
</record>
